000 00312nam a2200133Ia 4500
005 20251222152556.0
008 251222s9999||||xx |||||||||||||| ||spa||
020 _a8470603175
082 _aREF.915/E24/T.II
245 0 _aAsia y Oceanía
250 _a1ra. ed.
264 _bEdiciones Danae, S.A.
942 _cLIB
999 _c26446
_d26446